Sports Quiz

Random Sports or MLB Quiz

200 wins no Cy Young Quiz Stats

 Plays Quiz not verified by Sporcle

Score 0/29 Timer 10:00
0 Plays Today
wins Pitcher % Correct
270Mike Mussina
72.1%
288Tommy John
71.4%
240Andy Pettitte
69.3%
324Nolan Ryan
69.1%
267Jamie Moyer
69.1%
287Bert Blyleven
66%
318Phil Niekro
65.8%
221Joe Niekro
65.8%
324 Don Sutton
61.8%
216Curt Schilling
59.5%
254Jack Morris
52%
245Dennis Martinez
42.9%
283Jim Kaat
42.1%
211Kevin Brown
40%
239David Wells
38.6%
wins Pitcher % Correct
243Juan Marichal
37.5%
219Kenny Rogers
34%
286Robin Roberts
32.5%
229Luis Tiant
31.6%
217Mickey Lolich
31.1%
240Frank Tanana
29.8%
200Chuck Finley
28.1%
216Charlie Hough
26.2%
222Jerry Koosman
25.3%
224Jim Bunning
24.8%
214Rick Reuschel
21.3%
220Jerry Reuss
15.9%
209Milt Pappas
11.5%
211Billy Pierce
9.9%

You're not logged in!

Compare scores with friends on all Sporcle quizzes.
OR
Log In

Show Comments

Extras

Top Quizzes Today


Score Distribution

Your Account Isn't Verified!

In order to create a playlist on Sporcle, you need to verify the email address you used during registration. Go to your Sporcle Settings to finish the process.

Report this User

Report this user for behavior that violates our Community Guidelines.

Details: